000 00859nam a2200253Ia 4500
003 OSt
005 20221005113316.0
006 a|||||r|||| 00| 0
007 ta
008 221004b |||||||| |||| 00| 0 pan d
020 _a9788130201191 (hbk)
_c300
024 _a7723
037 _b693, 12/06/2013, H.K. Prakashan
_cTextual
040 _aCRL
_cCRL
_bpan
041 _2pan
_apan
082 _aO111,3N315,BE, 153Q3
100 _aਮੋਹੀਸਨ, ਟੇਰੀ
245 0 _aਲਾਡੋ
260 _aਪਟਿਆਲਾ
_bਪੰਜਾਬੀ ਯੂਨੀਵਰਸਿਟੀ ਭਾਰਤ
_c2013
300 _a289ਪੰ
_ccm.
650 _aਅੰਗ੍ਰੇਜੀ ਸਾਹਿਤ
942 _hO111,3N315,BE, 153Q3
_cTEXL
_2cc
999 _c1027745
_d1027745